00349nam a2200145Ia 4500008004100000041000800041082001400049100001600063245005400079250000600133260003600139300000900175440000600184650001300190240830s1994 xx 000 0 und d aeng a618.2 RAT aRATNAM S.S. aOBSTETRICA AND GYNECOLOGY FOE POSTGRADUATES VOL 2 a2 aNEW DELHIbORIANT LONGMANc1994 a448p v2 aSTRI-ROG